[Event "XII Festival Magistrale"]
[Site "Porto San Giorgio ITA"]
[Date "2000.08.27"]
[Round "7"]
[White "Spasov, Vasil V."]
[Black "Iordachescu, Viorel"]
[Result "1/2-1/2"]
[WhiteElo "2593"]
[BlackElo "2594"]
[PlyCount "135"]
[EventDate "2000.08.20"]

1. e4 g6 2. d4 Bg7 3. Nf3 d6 4. Bc4 c6 5. Bb3 Nf6 6. Qe2 O-O 7. e5 dxe5 8. dxe5
Nd5 9. h3 a5 10. a4 Na6 11. O-O Nc5 12. Bxd5 cxd5 13. Nc3 b6 14. Rd1 Ba6 15.
Qe1 e6 16. Bg5 Qc7 17. Qe3 Nd7 18. Re1 Qc5 19. Qf4 Rfc8 20. Rad1 Qb4 21. Qc1
Rc4 22. Bd2 Qf8 23. Bf4 Rac8 24. Nd4 Qb4 25. Na2 Qc5 26. c3 Qe7 27. Qc2 R4c7
28. Nc1 Nc5 29. Nb5 Bxb5 30. axb5 a4 31. Be3 Qe8 32. Bxc5 bxc5 33. c4 dxc4 34.
Qxa4 Rb7 35. Qxc4 Qxb5 36. Qxb5 Rxb5 37. b3 g5 38. Rd7 h6 39. Kf1 Ra8 40. Nd3
Ra3 41. Rc7 Raxb3 42. Rxc5 Rxc5 43. Nxc5 Rc3 44. Nd7 Rd3 45. Nb6 Rd4 46. g4 Kh7
47. Kg2 Kg6 48. Kf3 Rf4+ 49. Kg3 h5 50. Re3 Rb4 51. Nd7 Rb5 52. Rd3 Bxe5+ 53.
Nxe5+ Rxe5 54. Rd8 Ra5 55. Rh8 h4+ 56. Kg2 f5 57. gxf5+ exf5 58. Rb8 Kf6 59.
Rb6+ Ke5 60. Rb8 Rd5 61. Rb4 Rd4 62. Rb8 Rd3 63. Rb4 Rd4 64. Rb8 Kf4 65. Ra8 g4
66. hxg4 fxg4 67. Rf8+ Ke4 68. f3+ 1/2-1/2

[Event "XII Festival Magistrale"]
[Site "Porto San Giorgio ITA"]
[Date "2000.08.27"]
[Round "7"]
[White "Suppa, Ercole"]
[Black "Passoni, Carlo"]
[Result "1/2-1/2"]
[WhiteElo "2123"]
[BlackElo "2240"]
[PlyCount "61"]
[EventDate "2000.08.20"]

1. d4 e6 2. Nf3 b6 3. Bf4 Bb7 4. Nbd2 f5 5. e3 Nf6 6. Bd3 Be7 7. h3 d6 8. c3
Nbd7 9. Qc2 d5 10. Ne5 Nxe5 11. Bxe5 Bd6 12. Nf3 Qe7 13. Qa4+ c6 14. Bxd6 Qxd6
15. Ne5 Nd7 16. Nxd7 Qxd7 17. f4 a5 18. Qd1 Ba6 19. O-O O-O 20. Rc1 Bxd3 21.
Qxd3 Rac8 22. b3 c5 23. c4 Rfd8 24. Rfd1 Qb7 25. Qe2 dxc4 26. Rxc4 Rd5 27. dxc5
Rdxc5 28. Rcd4 Rc1 29. Kh2 Rxd1 30. Qxd1 h6 31. Rd8+ 1/2-1/2

[Event "XII Festival Magistrale"]
[Site "Porto San Giorgio ITA"]
[Date "2000.08.27"]
[Round "7"]
[White "Todorov, Todor"]
[Black "Bontempi, Piero"]
[Result "1-0"]
[WhiteElo "2481"]
[BlackElo "2273"]
[PlyCount "97"]
[EventDate "2000.08.20"]

1. e4 c5 2. Nf3 d6 3. d4 cxd4 4. Nxd4 Nf6 5. Nc3 g6 6. f4 Nbd7 7. Nf3 Bg7 8. e5
dxe5 9. fxe5 Ng4 10. e6 fxe6 11. Ng5 Qa5 12. Qxg4 Bxc3+ 13. Kd1 Qd5+ 14. Bd3
Ne5 15. Qe4 Nxd3 16. cxd3 Bf6 17. Re1 Bd7 18. Bd2 Rd8 19. Qxd5 exd5 20. Bc3 O-O
21. Nf3 Bxc3 22. bxc3 Bg4 23. Rxe7 Bxf3+ 24. gxf3 Rxf3 25. Ke2 Rf7 26. Re5 Rc8
27. Rc1 d4 28. c4 Rcf8 29. Kd2 Rf2+ 30. Re2 R8f3 31. c5 Rxe2+ 32. Kxe2 Rh3 33.
Rc4 Rxh2+ 34. Kf3 Rh4 35. a4 g5 36. Rb4 Rf4+ 37. Kg3 Rf5 38. Rb5 a6 39. c6 axb5
40. cxb7 Rf8 41. a5 Kg7 42. a6 Rb8 43. a7 Rxb7 44. a8=Q Re7 45. Kg4 h6 46. Qd5
Rf7 47. Qxd4+ Kg6 48. Qe4+ Kg7 49. Qd4+ 1-0

[Event "XII Festival Magistrale"]
[Site "Porto San Giorgio ITA"]
[Date "2000.08.27"]
[Round "7"]
[White "Trent, Lawrence"]
[Black "Baquero, Luis A."]
[Result "1-0"]
[WhiteElo "2210"]
[BlackElo "2303"]
[PlyCount "87"]
[EventDate "2000.08.20"]

1. e4 e6 2. d4 d5 3. Nd2 c5 4. exd5 exd5 5. Ngf3 Nc6 6. Bb5 Bd6 7. dxc5 Bxc5 8.
O-O Nge7 9. Nb3 Bb6 10. c3 Bg4 11. Nbd4 O-O 12. Qa4 Nxd4 13. Nxd4 Qd6 14. Re1
Bc7 15. g3 Ng6 16. Bf1 a6 17. Bg2 Rad8 18. Qb3 Bc8 19. f4 Ne7 20. Be3 Nc6 21.
Rad1 Bg4 22. Ne2 Qe7 23. Bf2 Bxe2 24. Rd2 Bc4 25. Rxe7 Bxb3 26. Rxc7 Bxa2 27.
Rxb7 h5 28. Rb6 Nb8 29. b3 Bb1 30. Rxd5 Rxd5 31. Bxd5 Rd8 32. c4 Bf5 33. Bd4
Be6 34. Bxe6 fxe6 35. Be5 Rd1+ 36. Kf2 Nd7 37. Rxa6 Nxe5 38. fxe5 Kf7 39. b4
Rb1 40. b5 Rb4 41. Rc6 Kg6 42. Ke3 Kf5 43. Kd4 Rb1 44. b6 1-0

[Event "XII Festival Magistrale"]
[Site "Porto San Giorgio ITA"]
[Date "2000.08.27"]
[Round "8"]
[White "Agrest, Evgenij"]
[Black "Glek, Igor V."]
[Result "1/2-1/2"]
[WhiteElo "2554"]
[BlackElo "2553"]
[PlyCount "29"]
[EventDate "2000.08.20"]

1. d4 Nf6 2. c4 g6 3. Nc3 Bg7 4. e4 d6 5. h3 O-O 6. Bg5 a6 7. Nf3 c5 8. d5 b5
9. Bd3 bxc4 10. Bxc4 a5 11. O-O Ba6 12. Bxa6 Nxa6 13. Re1 Nd7 14. Qd2 Ne5 15.
Nxe5 1/2-1/2

[Event "XII Festival Magistrale"]
[Site "Porto San Giorgio ITA"]
[Date "2000.08.27"]
[Round "8"]
[White "Agrest, Svetlana"]
[Black "De Santis, Alessio"]
[Result "1/2-1/2"]
[WhiteElo "2210"]
[BlackElo "2309"]
[PlyCount "35"]
[EventDate "2000.08.20"]

1. e4 c5 2. Nf3 e6 3. d3 b6 4. g3 Bb7 5. Bg2 d6 6. O-O Nd7 7. Re1 Qc7 8. c3
Ngf6 9. Nbd2 Be7 10. Nf1 O-O 11. h4 Rac8 12. Bf4 e5 13. Bg5 h6 14. Bxf6 Nxf6
15. c4 g6 16. Ne3 Kg7 17. Nd2 h5 18. Nb1 1/2-1/2

[Event "XII Festival Magistrale"]
[Site "Porto San Giorgio ITA"]
[Date "2000.08.27"]
[Round "8"]
[White "Ausmins, Elmar"]
[Black "Gosio, Denis"]
[Result "1-0"]
[WhiteElo "2324"]
[BlackElo "1941"]
[PlyCount "56"]
[EventDate "2000.08.20"]

1. d4 Nf6 2. Nf3 e6 3. c4 b6 4. Nc3 Bb7 5. d5 Bb4 6. Qb3 c5 7. Bg5 h6 8. Bh4
exd5 9. cxd5 g5 10. Bg3 Bxd5 11. Qd1 Bb7 12. a3 Bxc3+ 13. bxc3 d5 14. h4 g4 15.
Ne5 Ne4 16. e3 Nxg3 17. Bb5+ Ke7 18. Qxg4 Qg8 19. Qxg3 Qxg3 20. fxg3 Rg8 21.
Kf2 f6 22. Nd3 a6 23. Ba4 Rg4 24. Nf4 b5 25. Bb3 c4 26. Bd1 Rg8 27. Bf3 Rd8 28.
Rad1 Nc6 1-0

[Event "XII Festival Magistrale"]
[Site "Porto San Giorgio ITA"]
[Date "2000.08.27"]
[Round "8"]
[White "Coratella, Giuseppe"]
[Black "Iotti, Pierluigi"]
[Result "0-1"]
[WhiteElo "2077"]
[BlackElo "2294"]
[PlyCount "146"]
[EventDate "2000.08.20"]

1. e4 e6 2. d4 d5 3. Nd2 Nf6 4. e5 Nfd7 5. Bd3 c5 6. c3 Nc6 7. Ne2 cxd4 8. cxd4
Nb6 9. O-O a5 10. Nf3 Be7 11. Nc3 Bd7 12. Qe2 a4 13. a3 Na5 14. Nd2 O-O 15. f4
f5 16. exf6 Bxf6 17. Nf3 Nb3 18. Rb1 Nxd4 19. Nxd4 Bxd4+ 20. Be3 Bxe3+ 21. Qxe3
Rc8 22. Rf3 Nc4 23. Qe2 g6 24. Rbf1 Qf6 25. Kh1 Qd4 26. h4 Nxb2 27. Qxb2 Qxc3
28. Qxb7 Rc7 29. Qb6 Qc5 30. Qb1 Be8 31. h5 gxh5 32. Qe1 Qd6 33. Rg3+ Kh8 34.
Re3 Rxf4 35. Rxe6 Rh4+ 36. Qxh4 Qxe6 37. Rf8+ Kg7 38. Rxe8 Qxe8 39. Qg3+ Kf8
40. Qxc7 Qe1+ 41. Kh2 Qh4+ 42. Kg1 Qd4+ 43. Kh1 Qxd3 44. Qd8+ Kf7 45. Qd7+ Kf6
46. Qxa4 d4 47. Qc6+ Ke5 48. Qc5+ Kf4 49. Qxh5 Qxa3 50. Qh4+ Ke5 51. Qg5+ Ke4
52. Qh4+ Kd5 53. Qxh7 d3 54. Qf5+ Kc4 55. Qe4+ Kc3 56. Qe1+ Kc2 57. Qe4 Qc3 58.
Qf4 Kb1 59. Qe4 Kc1 60. Qe3+ Kc2 61. Qe4 Qc5 62. Qa4+ Kc1 63. Qa1+ Kd2 64. Qb2+
Kd1 65. Qb3+ Ke2 66. Qe6+ Qe3 67. Qg4+ Ke1 68. Qh4+ Kf1 69. Qf6+ Qf2 70. Qa1+
Ke2 71. Qe5+ Qe3 72. Qh5+ Kf1 73. Qf7+ Qf2 0-1

[Event "XII Festival Magistrale"]
[Site "Porto San Giorgio ITA"]
[Date "2000.08.27"]
[Round "8"]
[White "Cristiani, Cesare"]
[Black "Middelburg, Tom"]
[Result "1/2-1/2"]
[WhiteElo "2084"]
[BlackElo "2328"]
[PlyCount "52"]
[EventDate "2000.08.20"]

1. d4 d5 2. c4 c6 3. Nf3 Nf6 4. cxd5 cxd5 5. Nc3 Nc6 6. Bf4 a6 7. e3 Bg4 8. Be2
e6 9. O-O Bd6 10. Bg3 O-O 11. Rc1 Na5 12. Ne5 Bxe2 13. Qxe2 Bxe5 14. Bxe5 b5
15. b3 Rc8 16. f3 Qe7 17. Rc2 Nc6 18. Rfc1 Qb7 19. Bd6 Rfd8 20. Bc5 Nd7 21. b4
Nb6 22. Bxb6 Qxb6 23. Nd1 Qb7 24. a3 Nb8 25. Nf2 Nd7 26. Nd3 Nb6 1/2-1/2

[Event "XII Festival Magistrale"]
[Site "Porto San Giorgio ITA"]
[Date "2000.08.27"]
[Round "8"]
[White "Efimov, Igor"]
[Black "Isonzo, David"]
[Result "0-1"]
[WhiteElo "2520"]
[BlackElo "2250"]
[PlyCount "78"]
[EventDate "2000.08.20"]

1. d4 Nf6 2. c4 g6 3. Nc3 Bg7 4. e4 d6 5. f4 O-O 6. Nf3 c5 7. d5 e6 8. Be2 exd5
9. cxd5 Re8 10. Nd2 c4 11. O-O b5 12. Bf3 Nbd7 13. Kh1 a6 14. a4 Rb8 15. axb5
axb5 16. Ne2 Qb6 17. Ra3 Nc5 18. Qc2 Nd3 19. h3 Ba6 20. b3 b4 21. Rxa6 Qxa6 22.
Nxc4 Nxc1 23. Rxc1 Nd7 24. h4 Rbc8 25. Bg4 Rc7 26. Ng3 Nb6 27. Be2 Nxc4 28.
Bxc4 Qb6 29. Qd3 Rd8 30. h5 Qd4 31. Qf3 Ra7 32. Kh2 Ra2 33. Rf1 Ra1 34. Qf2
Rda8 35. Kh3 Rc1 36. e5 Rc3 37. Qe2 dxe5 38. f5 g5 39. f6 Qh4# 0-1

[Event "XII Festival Magistrale"]
[Site "Porto San Giorgio ITA"]
[Date "2000.08.27"]
[Round "8"]
[White "Foisor, Cristina-Adela"]
[Black "Badea, Bela"]
[Result "1/2-1/2"]
[WhiteElo "2386"]
[BlackElo "2480"]
[PlyCount "28"]
[EventDate "2000.08.20"]

1. d4 Nf6 2. Nf3 d6 3. g3 Nbd7 4. Bg2 e5 5. c4 Be7 6. Nc3 O-O 7. O-O c6 8. e4
a6 9. d5 cxd5 10. cxd5 b5 11. a3 Nc5 12. Re1 Bd7 13. b4 Na4 14. Nxa4 bxa4
1/2-1/2

[Event "XII Festival Magistrale"]
[Site "Porto San Giorgio ITA"]
[Date "2000.08.27"]
[Round "8"]
[White "Foisor, Ovidiu-Doru"]
[Black "Palac, Mladen"]
[Result "1/2-1/2"]
[WhiteElo "2404"]
[BlackElo "2573"]
[PlyCount "32"]
[EventDate "2000.08.20"]

1. d4 Nf6 2. c4 e6 3. Nc3 Bb4 4. Qc2 O-O 5. a3 Bxc3+ 6. Qxc3 b6 7. Nf3 Ne4 8.
Qc2 Bb7 9. g3 f5 10. Bg2 Nf6 11. b4 a5 12. Bb2 axb4 13. axb4 Rxa1+ 14. Bxa1 Qe7
15. Bc3 Ne4 16. Qb3 d6 1/2-1/2

[Event "XII Festival Magistrale"]
[Site "Porto San Giorgio ITA"]
[Date "2000.08.27"]
[Round "8"]
[White "Grigore, George-Gabriel"]
[Black "Tocchioni, Doriano"]
[Result "1-0"]
[WhiteElo "2508"]
[BlackElo "2250"]
[PlyCount "73"]
[EventDate "2000.08.20"]

1. d4 Nf6 2. c4 g6 3. Nc3 d5 4. Bf4 Bg7 5. Nf3 O-O 6. e3 c5 7. dxc5 Qa5 8. Rc1
Rd8 9. Qa4 Qxc5 10. b4 Qc6 11. Qb3 a5 12. b5 Qc5 13. a3 a4 14. Nxa4 Qa7 15. Bc7
Rd6 16. Bxd6 exd6 17. Nc3 Nbd7 18. cxd5 Nc5 19. Qb4 Bf5 20. Nd4 Bd3 21. Be2
Nfd7 22. O-O Ne5 23. b6 Qa6 24. Rc2 Re8 25. Bxd3 Nexd3 26. Qb5 Qa8 27. Nb3 Re5
28. Nxc5 Nxc5 29. a4 Rh5 30. Qc4 Qd8 31. h3 Rh4 32. f4 Qxb6 33. Kh2 Bxc3 34.
Rxc3 Rh5 35. Qd4 Qa5 36. Rb1 Rf5 37. Rxb7 1-0

[Event "XII Festival Magistrale"]
[Site "Porto San Giorgio ITA"]
[Date "2000.08.27"]
[Round "8"]
[White "Iordachescu, Viorel"]
[Black "Rausis, Igors"]
[Result "1/2-1/2"]
[WhiteElo "2594"]
[BlackElo "2551"]
[PlyCount "211"]
[EventDate "2000.08.20"]

1. e4 c5 2. Nf3 d6 3. d4 cxd4 4. Nxd4 Nf6 5. Nc3 g6 6. Be2 Bg7 7. O-O O-O 8.
Re1 Nc6 9. Nb3 Be6 10. Bf1 a5 11. a4 Bxb3 12. cxb3 e6 13. Bc4 Nb4 14. Bg5 h6
15. Bh4 Qb6 16. Rc1 Rac8 17. Bb5 Rfd8 18. Qf3 g5 19. Bg3 Nc6 20. h4 Nd4 21. Qd1
d5 22. hxg5 hxg5 23. exd5 exd5 24. Be5 Nxb5 25. axb5 d4 26. Na4 Qxb5 27. Rxc8
Rxc8 28. Qxd4 Qb4 29. Qd1 Ng4 30. Bg3 Bf6 31. Nc3 Bxc3 32. bxc3 Qxc3 33. Kf1
Nh6 34. Qd5 Qc2 35. Qxg5+ Qg6 36. Qxa5 Nf5 37. Bf4 Qa6+ 38. Qxa6 bxa6 39. Re4
Rc3 40. b4 Ra3 41. g4 Ng7 42. Rc4 a5 43. b5 Rb3 44. Rc8+ Kh7 45. Rb8 a4 46. Be5
a3 47. f4 a2 48. Ra8 Rxb5 49. Rxa2 Rb6 50. Rh2+ Kg6 51. f5+ Nxf5 52. gxf5+ Kxf5
53. Bd4 Rc6 54. Ra2 Ke4 55. Bf2 f5 56. Ra4+ Kf3 57. Ra3+ Ke4 58. Kg2 f4 59.
Ra4+ Kf5 60. Be1 Rd6 61. Kf3 Rd3+ 62. Ke2 Re3+ 63. Kf2 Rd3 64. Ba5 Rh3 65. Bc7
Rh2+ 66. Kf3 Rh3+ 67. Kg2 Rh4 68. Ra5+ Kg4 69. Rc5 Rh5 70. Rc4 Rf5 71. Kf2 Rf7
72. Bd6 Rf6 73. Bb4 Rf7 74. Bd2 Rf5 75. Bc1 Rf7 76. Rc8 Rf5 77. Rc7 Rh5 78. Rc4
Rf5 79. Bd2 Rf7 80. Ba5 Rf5 81. Bc7 Rf7 82. Bb8 Rf8 83. Rb4 Rf7 84. Rb1 Rd7 85.
Rg1+ Kf5 86. Rg8 Rd2+ 87. Kf3 Rd3+ 88. Ke2 Re3+ 89. Kd2 Re4 90. Kd3 Re3+ 91.
Kd4 Re4+ 92. Kd5 Ra4 93. Bd6 Ra5+ 94. Bc5 Ra6 95. Bd6 Ra5+ 96. Kc4 Ra4+ 97. Kd3
Ke6 98. Bb8 Kf5 99. Bd6 Ke6 100. Rd8 Kf5 101. Ke2 Re4+ 102. Kf2 Rd4 103. Rf8+
Kg4 104. Rg8+ Kf5 105. Rf8+ Kg4 106. Rxf4+ 1/2-1/2

[Event "XII Festival Magistrale"]
[Site "Porto San Giorgio ITA"]
[Date "2000.08.27"]
[Round "8"]
[White "Lazarev, Vladimir"]
[Black "Maier, Christian"]
[Result "1-0"]
[WhiteElo "2478"]
[BlackElo "2351"]
[PlyCount "91"]
[EventDate "2000.08.20"]

1. d4 d6 2. c4 Nf6 3. Nc3 Bf5 4. Nf3 Nbd7 5. Nh4 e6 6. g3 c6 7. Bg2 Bg4 8. h3
Bh5 9. d5 cxd5 10. cxd5 Be7 11. dxe6 fxe6 12. Bxb7 Rb8 13. Bg2 O-O 14. O-O d5
15. Nf3 Nc5 16. b3 Nfe4 17. Bb2 Qb6 18. Nxe4 dxe4 19. Ne5 Qa6 20. g4 Rbd8 21.
Qc2 Be8 22. Bxe4 Nxe4 23. Qxe4 Rd2 24. Nc4 Bg6 25. Qe3 Rd5 26. Bd4 Bg5 27. f4
Bd8 28. Kh2 Be8 29. a4 h5 30. Bc5 Rf6 31. Bd4 hxg4 32. Bxf6 Bxf6 33. Rad1 Rh5
34. Rd6 Qc8 35. Qxe6+ Qxe6 36. Rxe6 Rxh3+ 37. Kg2 Bf7 38. Rd6 Rxb3 39. Ne5 Be8
40. Nxg4 Be7 41. Ra6 Bc5 42. Rc1 Bb6 43. Rc8 Kf7 44. a5 Bb5 45. axb6 Bxa6 46.
Rc7+ 1-0

[Event "XII Festival Magistrale"]
[Site "Porto San Giorgio ITA"]
[Date "2000.08.27"]
[Round "8"]
[White "Naumkin, Igor"]
[Black "Faybish, Nimrod"]
[Result "1-0"]
[WhiteElo "2440"]
[BlackElo "2211"]
[PlyCount "81"]
[EventDate "2000.08.20"]

1. d4 g6 2. c4 Bg7 3. Nc3 d6 4. e4 e5 5. Nf3 Nd7 6. Be2 Ne7 7. d5 O-O 8. h4 Nf6
9. Nd2 c6 10. h5 b5 11. hxg6 hxg6 12. dxc6 b4 13. Nd5 Nxc6 14. Nxf6+ Bxf6 15.
Nf3 Nd4 16. Nxd4 exd4 17. Qd2 Re8 18. f3 Rb8 19. Qh6 Re5 20. Bf4 Rc5 21. Bd3
Be6 22. b3 Bg7 23. Qh7+ Kf8 24. Bh6 Bxh6 25. Qxh6+ Ke7 26. Qg7 Kd7 27. f4 a5
28. Qxd4 a4 29. Rd1 Qb6 30. Be2 Ke7 31. g4 axb3 32. axb3 Ra5 33. Qd2 f6 34. g5
fxg5 35. f5 gxf5 36. Rh7+ Kf6 37. Rh6+ Ke5 38. Qxg5 Rg8 39. Qf6+ Kf4 40. Rh4+
Rg4 41. Rxg4+ 1-0

[Event "XII Festival Magistrale"]
[Site "Porto San Giorgio ITA"]
[Date "2000.08.27"]
[Round "8"]
[White "Passoni, Carlo"]
[Black "Saccona, Silvano"]
[Result "1-0"]
[WhiteElo "2240"]
[BlackElo "2113"]
[PlyCount "105"]
[EventDate "2000.08.20"]

1. Nf3 c6 2. c4 d5 3. b3 Bf5 4. cxd5 cxd5 5. e3 Nf6 6. Bb2 Nbd7 7. Be2 e6 8.
Nd4 Bxb1 9. Rxb1 Be7 10. f4 Ne4 11. O-O O-O 12. d3 Nd6 13. Qd2 Qb6 14. Bg4 Rfe8
15. Nxe6 Bf6 16. Nd4 Nf8 17. Kh1 Ng6 18. Rbe1 Re7 19. Bf3 Nxf4 20. exf4 Rxe1
21. Rxe1 Bxd4 22. Bxd5 Bxb2 23. Qxb2 h6 24. g3 Rc8 25. Re7 Qc5 26. Bf3 Qb5 27.
Qd2 Qc5 28. Re5 Qd4 29. Rd5 Qa1+ 30. Kg2 Qb1 31. Kh3 Rc2 32. Qd1 Qb2 33. Rxd6
Rxh2+ 34. Kg4 h5+ 35. Kg5 Qf2 36. Rd8+ Kh7 37. Be4+ g6 38. Qf3 Qc5+ 39. Kf6
Qb6+ 40. Ke7 Qe6+ 41. Kf8 f5 42. Bd5 Qf6+ 43. Ke8 Rxa2 44. Bc4 Kh6 45. Rd7 Ra1
46. Qxb7 Qh8+ 47. Ke7 Re1+ 48. Kd6 Qf8+ 49. Kc6 Qf6+ 50. Rd6 Qf8 51. Qf7 Qc8+
52. Kd5 Qa8+ 53. Kc5 1-0

[Event "XII Festival Magistrale"]
[Site "Porto San Giorgio ITA"]
[Date "2000.08.27"]
[Round "8"]
[White "Polushkina, Svetlana"]
[Black "Borgo, Giulio"]
[Result "0-1"]
[WhiteElo "2092"]
[BlackElo "2391"]
[PlyCount "46"]
[EventDate "2000.08.20"]

1. d4 d5 2. c4 e6 3. Nf3 Nf6 4. Bg5 c6 5. Nc3 Nbd7 6. Qc2 Qa5 7. Bd2 Bb4 8. e4
Nxe4 9. Nxe4 dxe4 10. Qxe4 Bxd2+ 11. Nxd2 c5 12. a3 O-O 13. O-O-O cxd4 14. Qxd4
Nc5 15. Qe3 Qc7 16. Nf3 a5 17. Qe5 Qb6 18. Rd6 Qa7 19. Kb1 f6 20. Qd4 e5 21.
Qd5+ Kh8 22. Be2 Bf5+ 23. Ka2 Ne4 0-1

[Event "XII Festival Magistrale"]
[Site "Porto San Giorgio ITA"]
[Date "2000.08.27"]
[Round "8"]
[White "Razuvaev, Yuri S."]
[Black "Chatalbashev, Boris"]
[Result "1/2-1/2"]
[WhiteElo "2555"]
[BlackElo "2494"]
[PlyCount "44"]
[EventDate "2000.08.20"]

1. d4 g6 2. e4 Bg7 3. Nf3 c5 4. d5 Nf6 5. Nc3 O-O 6. Be2 b5 7. e5 Ng4 8. Bf4 b4
9. Ne4 d6 10. exd6 exd6 11. O-O Nf6 12. Nfd2 Ba6 13. Bxa6 Nxa6 14. Bg5 h6 15.
Nxf6+ Bxf6 16. Bxh6 Bxb2 17. Bxf8 Bxa1 18. Qxa1 Qxf8 19. Ne4 Qg7 20. Nf6+ Kf8
21. Nd7+ Kg8 22. Nf6+ Kf8 1/2-1/2

[Event "XII Festival Magistrale"]
[Site "Porto San Giorgio ITA"]
[Date "2000.08.27"]
[Round "8"]
[White "Safranska, Anda"]
[Black "Mrdja, Milan"]
[Result "0-1"]
[WhiteElo "2337"]
[BlackElo "2431"]
[PlyCount "138"]
[EventDate "2000.08.20"]

1. e4 c5 2. Nf3 e6 3. d3 d5 4. Qe2 Nf6 5. g3 Nc6 6. c3 b6 7. Bg2 Ba6 8. e5 Nd7
9. h4 Qc7 10. Bf4 g6 11. O-O Bg7 12. Re1 h6 13. g4 h5 14. g5 O-O 15. Nbd2 Rfe8
16. Bh2 b5 17. a3 Qb6 18. b4 Bb7 19. Rab1 cxb4 20. axb4 Rec8 21. d4 a5 22. bxa5
Rxa5 23. c4 Ra2 24. Qe3 Ne7 25. cxb5 Nf5 26. Qd3 Rcc2 27. Bf4 Bf8 28. Bh3 Be7
29. Rec1 Rxc1+ 30. Rxc1 Ra4 31. Be3 Qd8 32. Qc2 Rb4 33. Bf1 Nb6 34. Rb1 Rxb1
35. Nxb1 Nc4 36. Qb3 Qa5 37. Bd3 Nfxe3 38. fxe3 Qa1 39. Kf2 Qa5 40. Bf1 Bb4 41.
Bxc4 dxc4 42. Qxc4 Be4 43. b6 Qxb6 44. Nc3 Bxc3 45. Qxc3 Qb7 46. Nd2 Bh1 47. e4
Bxe4 48. Qe3 Bd5 49. Qc3 Kg7 50. Qe3 Qb2 51. Kg3 Qc1 52. Qf2 Qd1 53. Kf4 Qg4+
54. Ke3 Qh3+ 55. Ke2 Kg8 56. Kd1 Qd3 57. Ke1 Bc6 58. Qf4 Bb5 59. Kf2 Qe2+ 60.
Kg3 Bc6 61. Qf2 Qd3+ 62. Kh2 Kf8 63. Kg1 Qh3 64. Qh2 Qg4+ 65. Kf2 Qxd4+ 66. Ke1
Qe3+ 67. Kd1 Ba4+ 68. Kc1 Qc3+ 69. Kb1 Qc2+ 0-1

[Event "XII Festival Magistrale"]
[Site "Porto San Giorgio ITA"]
[Date "2000.08.27"]
[Round "8"]
[White "Tomescu, Vlad"]
[Black "Spasov, Vasil V."]
[Result "0-1"]
[WhiteElo "2432"]
[BlackElo "2593"]
[PlyCount "100"]
[EventDate "2000.08.20"]

1. e4 g6 2. d4 Bg7 3. c4 d6 4. Nc3 Nf6 5. f3 O-O 6. Be3 e5 7. Nge2 c6 8. Qd2
Nbd7 9. O-O-O a5 10. d5 Nb6 11. Ng3 cxd5 12. cxd5 Qc7 13. Kb1 Nc4 14. Bxc4 Qxc4
15. Qe2 Qxe2 16. Ngxe2 a4 17. Nb5 Ne8 18. Nec3 Bd7 19. Na3 Rc8 20. Rc1 f5 21.
Ncb5 Rxc1+ 22. Kxc1 Bf6 23. Kd2 fxe4 24. fxe4 Bd8 25. Kd3 h5 26. h3 Kg7 27. Rc1
h4 28. Rc4 Be7 29. Rxa4 Nf6 30. Rc4 Ne8 31. Nc7 Nf6 32. Nab5 Nh5 33. Nc3 Rf1
34. N7b5 Kf6 35. a4 Nf4+ 36. Bxf4 exf4 37. Ke2 Rg1 38. Kf2 Rc1 39. Rc7 Bxb5 40.
Nxb5 Rb1 41. Rxb7 Rxb2+ 42. Kg1 Rb1+ 43. Kh2 Ra1 44. Rd7 Bf8 45. Nxd6 Ke5 46.
Nb7 Bb4 47. d6 Be1 48. Re7+ Kd4 49. g3 Bxg3+ 50. Kg2 Ke3 0-1

[Event "XII Festival Magistrale"]
[Site "Porto San Giorgio ITA"]
[Date "2000.08.27"]
[Round "8"]
[White "Zlochevskij, Alexander"]
[Black "Savchenko, Stanislav"]
[Result "0-1"]
[WhiteElo "2450"]
[BlackElo "2579"]
[PlyCount "58"]
[EventDate "2000.08.20"]

1. c4 e5 2. Nc3 Nf6 3. Nf3 Nc6 4. g3 Bb4 5. Bg2 O-O 6. O-O e4 7. Ne1 Bxc3 8.
dxc3 h6 9. Nc2 d6 10. b3 Re8 11. Ne3 Ne5 12. a4 a5 13. Qc2 Neg4 14. h3 Nxe3 15.
Bxe3 Qe7 16. Rad1 b6 17. Kh2 Bb7 18. Rfe1 d5 19. cxd5 Nxd5 20. Qc1 Rad8 21. Rd4
c5 22. Rxe4 Qf6 23. Rf1 Rxe4 24. Bxe4 Nxe3 25. Qxe3 Re8 26. Bh7+ Kf8 27. Qd2 g6
28. Qxh6+ Qg7 29. Qh4 Be4 0-1

[Event "XII Festival Magistrale"]
[Site "Porto San Giorgio ITA"]
[Date "2000.08.28"]
[Round "9"]
[White "Borgo, Giulio"]
[Black "Foisor, Cristina-Adela"]
[Result "1-0"]
[WhiteElo "2391"]
[BlackElo "2386"]
[PlyCount "103"]
[EventDate "2000.08.20"]

1. e4 d6 2. d4 Nf6 3. Nc3 g6 4. Be3 c6 5. Qd2 b5 6. Bd3 a6 7. f3 Nbd7 8. a4 Bb7
9. Nh3 e5 10. O-O b4 11. Nd1 exd4 12. Bxd4 c5 13. Bf2 Qc7 14. Ne3 Ne5 15. Nc4
Be7 16. Nxe5 dxe5 17. Bc4 O-O 18. Rfd1 Kg7 19. Be3 Ng8 20. Nf2 Rad8 21. Qe2 a5
22. Rxd8 Rxd8 23. Rd1 Rxd1+ 24. Qxd1 Nf6 25. Qd3 Bd6 26. Bg5 Be7 27. Qd2 Ng8
28. Be3 Nf6 29. Bh6+ Kg8 30. Bg5 h5 31. Nd3 Qd6 32. Qe3 Bc6 33. b3 Nd7 34. Bxe7
Qxe7 35. Ba6 Qd6 36. Bc4 Kg7 37. Kf1 Qd4 38. Qxd4 cxd4 39. Bb5 Bxb5 40. axb5
Kf6 41. Nb2 Nb6 42. Ke2 Ke6 43. Kd3 Kd6 44. f4 f6 45. fxe5+ fxe5 46. Nc4+ Nxc4
47. Kxc4 Kc7 48. Kc5 Kb7 49. h4 Ka7 50. b6+ Kb7 51. Kb5 a4 52. Kxa4 1-0

[Event "XII Festival Magistrale"]
[Site "Porto San Giorgio ITA"]
[Date "2000.08.28"]
[Round "9"]
[White "Chatalbashev, Boris"]
[Black "Agrest, Evgenij"]
[Result "1-0"]
[WhiteElo "2494"]
[BlackElo "2554"]
[PlyCount "83"]
[EventDate "2000.08.20"]

1. d4 d6 2. Bg5 h6 3. Bh4 Nd7 4. e4 Ngf6 5. Nc3 e5 6. Nf3 Be7 7. Bg3 Nh5 8.
Nxe5 Nxe5 9. dxe5 Nxg3 10. hxg3 dxe5 11. Qh5 Bd6 12. Bc4 Qf6 13. O-O-O Qg6 14.
Bb5+ Kf8 15. Qxg6 fxg6 16. f4 Bg4 17. Rdf1 exf4 18. gxf4 c6 19. Bd3 Bb4 20. e5
Bxc3 21. bxc3 Bf5 22. g4 Bxg4 23. Bxg6 Ke7 24. f5 Rhf8 25. Rf4 h5 26. Re1 Rad8
27. a4 Rg8 28. a5 Kf8 29. Kb2 Rd5 30. c4 Rd8 31. c5 Ke7 32. Kc3 Rgf8 33. f6+
Ke6 34. Bd3 g5 35. Bc4+ Rd5 36. Bxd5+ cxd5 37. Rb4 Bf3 38. Kd4 Rf7 39. a6 bxa6
40. c6 Rf8 41. Rb7 Re8 42. Re7+ 1-0

[Event "XII Festival Magistrale"]
[Site "Porto San Giorgio ITA"]
[Date "2000.08.28"]
[Round "9"]
[White "Efimov, Igor"]
[Black "Cristiani, Cesare"]
[Result "1-0"]
[WhiteElo "2520"]
[BlackElo "2084"]
[PlyCount "47"]
[EventDate "2000.08.20"]

1. d4 Nf6 2. c4 e6 3. Nf3 c5 4. d5 exd5 5. cxd5 d6 6. Nc3 g6 7. Bg5 Bg7 8. e3
Qa5 9. Nd2 a6 10. Nc4 Qc7 11. Bf4 Bf8 12. a4 b6 13. Be2 Nbd7 14. O-O Bb7 15. e4
O-O-O 16. Qc2 h6 17. Rfc1 g5 18. Be3 Re8 19. b4 Rg8 20. Rab1 h5 21. bxc5 bxc5
22. Rb3 Ng4 23. Rcb1 Nxe3 24. Nxe3 1-0

[Event "XII Festival Magistrale"]
[Site "Porto San Giorgio ITA"]
[Date "2000.08.28"]
[Round "9"]
[White "Gorbatov, Alexej"]
[Black "Todorov, Todor"]
[Result "1-0"]
[WhiteElo "2411"]
[BlackElo "2481"]
[PlyCount "67"]
[EventDate "2000.08.20"]

1. Nf3 g6 2. g3 Bg7 3. d4 Nf6 4. Bg2 O-O 5. O-O c6 6. c4 d6 7. Nc3 a6 8. h3 b5
9. b3 Nbd7 10. Ne1 Qb6 11. Be3 Bb7 12. Nd3 Nh5 13. c5 dxc5 14. dxc5 Qa5 15. b4
Qa3 16. Ne4 Bxa1 17. Qxa1 a5 18. g4 axb4 19. gxh5 Rfd8 20. Bh6 f6 21. Bf3 Qxa2
22. Qc1 Qe6 23. Qf4 b3 24. Qg3 Kh8 25. hxg6 hxg6 26. Bc1 Nf8 27. Qh4+ Kg8 28.
Bg2 Ra4 29. Nf4 Qf5 30. Nxf6+ Kf7 31. e4 Qxc5 32. Nh7 Bc8 33. Qh6 e5 34. Ng5+
1-0